000
00239nam a2200097Ia 4500
008
170619s9999 xx 000 0 und d
100
_a
Griffiths- David J
245
0
_a
Introduction to Electro Dynamics
260
_b
New Delhi: PHI
260
_c
2000
546
_a
ENGLISH
999
_c
16176
_d
16176